[Event "Albin Counter Gambit"]
[Site "SchemingMind.com"]
[Date "2010.01.01"]
[Round "-"]
[White "Lucas the Pirate"]
[Black "1tamad"]
[Result "1-0"]
[WhiteCountry "ISR"]
[BlackCountry "USA"]
[WhiteElo "1833"]
[WhiteRD "77"]
[BlackElo "1684"]
[BlackRD "70"]
[GameID "232562"]

1. d4 d5 2. c4 e5 3. dxe5 d4 4. Nf3 Nc6 5. h3 Bc5 6. e4 Nge7 7. Bd3 O-O 8. O-O Ng6 9. Bg5 Qe8 10. Na3 Ngxe5
11. Nxe5 Nxe5 12. Nb5 Qc6 13. Bf4 f6 14. Bxe5 fxe5 15. Qh5 a6 16. Na3 Qf6 17. Rab1 Bd7 18. b4 Be7 19. c5 Be6 20. Qe2 Qg5
21. Kh1 Qh4 22. Kh2 Rf4 23. Bc4 Qh6 24. Bxe6+ Qxe6 25. Nc4 Raf8 26. Rb3 g5 27. Ra3= g4 28. hxg4 Rxg4 29. Rh3 Rff4 30. g3 Rf6
31. Nxe5 Rg5 32. Nd3 Rh6 33. Rxh6 Qxh6+ 34. Kg2 Qg6 35. Nf4 Qf7 36. Rd1 a5 37. a3 Qxf4 38. Rxd4 axb4 39. axb4 b6 40. Rd7 Bf8
41. Qc4+ Kh8 42. Rf7 b5 43. Rxf4
1-0

[Event "Albin Counter Gambit"]
[Site "SchemingMind.com"]
[Date "2010.01.01"]
[Round "-"]
[White "memet"]
[Black "1tamad"]
[Result "0-1"]
[WhiteCountry "TUR"]
[BlackCountry "USA"]
[WhiteElo "1543"]
[WhiteRD "72"]
[BlackElo "1702"]
[BlackRD "75"]
[GameID "232563"]

1. d4 d5 2. c4 e5 3. Qa4+ Bd7 4. Qb3 Bc6 5. e3 exd4 6. exd4 dxc4 7. Qxc4 Nd7 8. Nh3 h6 9. d5 Ne5 10. Qe2 Bxd5
11. Qxe5+ Qe7 12. Bf4 O-O-O 13. Na3 Qxe5+ 14. Bxe5 f6 15. Bg3 Bb4+ 16. Ke2 Ne7 17. Nf4 Bf7 18. Kf3 Nd5 19. Bc4 c6 20. Nc2 Bc5
21. Rae1 Rhf8 22. Rd1 g5 23. Nd3 Bh5+ 24. Ke4 f5+
0-1

[Event "Albin Counter Gambit"]
[Site "SchemingMind.com"]
[Date "2010.01.01"]
[Round "-"]
[White "somar96"]
[Black "1tamad"]
[Result "0-1"]
[WhiteCountry "POL"]
[BlackCountry "USA"]
[WhiteElo "1863"]
[WhiteRD "57"]
[BlackElo "1687"]
[BlackRD "73"]
[GameID "232564"]

1. d4 d5 2. c4 e5 3. dxe5 Bb4+ 4. Bd2 Bxd2+ 5. Qxd2 Ne7 6. e3 Nbc6 7. Nf3 O-O 8. Nc3 dxc4 9. Qxd8 Rxd8 10. Bxc4 Bg4
11. Rd1 Na5 12. Be2 Ng6 13. O-O Bxf3 14. gxf3 Nxe5 15. b3 a6 16. f4 Ng6 17. Kg2 Nc6 18. Kg3 Nge7 19. Kg4 g6 20. Bf3 Kg7
21. Rfe1 Rxd1 22. Rxd1 Rd8 23. Rxd8 Nxd8 24. h3 c6 25. e4 h5+ 26. Kg3 Ne6 27. Bd1 Nd4 28. f3 Kf6 29. Ne2 Ne6 30. Bc2 c5
31. h4 b5 32. Bd3 Nc6 33. e5+ Kg7 34. Nc3 Nb4 35. Bb1 Nd4 36. a3 Nbc6 37. Ba2 b4 38. axb4 cxb4 39. Ne4 Ne2+ 40. Kf2 Nc1
41. Bb1 Nxb3 42. Ke3 a5 43. Bc2 Nbd4 44. Bd1 b3 45. Kd3 a4 46. Kc3 Nb5+ 47. Kb2 Ncd4 48. Nc5 a3+ 49. Ka1 b2+ 50. Ka2 Nc3+
51. Kxa3 b1=Q
0-1

[Event "Albin Counter Gambit"]
[Site "SchemingMind.com"]
[Date "2009.12.28"]
[Round "-"]
[White "Gabi1"]
[Black "jtrochez1"]
[Result "1-0"]
[WhiteCountry "GER"]
[BlackCountry "HON"]
[WhiteElo "1536"]
[WhiteRD "77"]
[BlackElo "1547"]
[BlackRD "52"]
[GameID "232609"]

1. d4 d5 2. c4 e5 3. e4 dxe4 4. d5 Bd7 5. Nc3 Bb4 6. Bd2 Bf5 7. g4 Bg6 8. Qa4+ Qd7 9. Qxb4 b6 10. c5 a6
11. cxb6 cxb6 12. Qxb6 Ne7 13. d6 Nc8 14. Qc7 Nxd6 15. Qxd7+ Nxd7 16. Nd5 Nb5 17. Bxb5 axb5 18. Nc7+ Ke7 19. Nxa8 Rxa8 20. O-O-O Rc8+
21. Bc3 b4 22. Ne2 bxc3 23. Nxc3 f5 24. Rhg1 Rg8 25. Nd5+ Ke6 26. Nc7+ Ke7 27. g5 Rc8 28. b4 Rxc7+ 29. Kb2 f4 30. Rc1 Rxc1
31. Rxc1 e3 32. fxe3 f3 33. Rf1 e4 34. b5 Nb6 35. Kc3 Kd6 36. Kd4 Bf5 37. h4 Bh3 38. Rf2 g6 39. Kxe4 Bg4 40. Kf4 Kc5
41. Kxg4 Kxb5 42. Rxf3 Nd5 43. e4 Nb4 44. a3 Nc2 45. e5 Nd4 46. Re3 Ne6 47. Rd3 Ka4 48. h5 gxh5+ 49. Kxh5 Nf4+ 50. Kh6 Nxd3
51. e6
1-0

[Event "Albin Counter Gambit"]
[Site "SchemingMind.com"]
[Date "2009.12.27"]
[Round "-"]
[White "Gabi1"]
[Black "XTC"]
[Result "0-1"]
[WhiteCountry "GER"]
[BlackCountry "COL"]
[WhiteElo "1547"]
[WhiteRD "91"]
[BlackElo "1739"]
[BlackRD "49"]
[GameID "232610"]

1. d4 d5 2. c4 e5 3. dxe5 d4 4. Nf3 Nc6 5. e3 Bg4 6. exd4 Bxf3 7. Qxf3 Qxd4 8. Qd5 Bb4+ 9. Bd2 Qxb2 10. Bxb4 Qxa1
11. Bd3 Rd8 12. Bc3 Rxd5 13. Bxa1 Rxd3 14. f4 Nb4 15. O-O Nxa2 16. Re1 Nb4 17. Re4 Rd1+ 18. Kf2 Rxb1 19. Bc3 Nh6 20. h3 O-O
21. c5 Nd3+ 22. Ke2 Nxc5 23. Rd4 Nf5 24. Rd5 b6 25. e6 Ng3+ 26. Kf3 Nge4 27. e7 Rf1+ 28. Ke3 Nxc3 29. Rd8 Re1+
0-1

[Event "Albin Counter Gambit"]
[Site "SchemingMind.com"]
[Date "2010.01.01"]
[Round "-"]
[White "Gabi1"]
[Black "1tamad"]
[Result "0-1"]
[WhiteCountry "GER"]
[BlackCountry "USA"]
[WhiteElo "1563"]
[WhiteRD "80"]
[BlackElo "1702"]
[BlackRD "75"]
[GameID "232611"]

1. d4 d5 2. c4 e5 3. e3 exd4 4. Qxd4 Nf6 5. Qe5+ Be7 6. Nc3 Nc6 7. Qg3 O-O 8. e4 dxe4 9. Nge2 Be6 10. Nf4 Bf5
11. Ncd5 Bd6 12. Be3 Nh5 13. Nxh5 Bxg3 14. Nxg3 Bg6 15. Rd1 Qd6 16. c5 Qe5 17. b4 Rac8 18. Bf4 Qb2 19. b5 Ne5 20. Ne7+ Kh8
21. Nxc8 Rxc8 22. Be2 Nd3+ 23. Bxd3 exd3 24. O-O Qxb5 25. Rfe1 h6 26. Re7 Qxc5 27. Re5 Qc2 28. Rd2 Qc1+ 29. Nf1 c5 30. Re1 Qxe1
0-1

[Event "Albin Counter Gambit"]
[Site "SchemingMind.com"]
[Date "2010.01.02"]
[Round "-"]
[White "Gabi1"]
[Black "lemmie"]
[Result "1-0"]
[WhiteCountry "GER"]
[BlackCountry "NED"]
[WhiteElo "1562"]
[WhiteRD "78"]
[BlackElo "1630"]
[BlackRD "48"]
[GameID "232612"]

1. d4 d5 2. c4 e5 3. dxe5 d4 4. Nf3 Nc6 5. e3 Bb4+ 6. Bd2 dxe3 7. Bxb4 exf2+ 8. Ke2 Nxb4 9. Qxd8+ Kxd8 10. Nd4 Bg4+
11. Kxf2 c5 12. a3 cxd4 13. axb4 Kc7 14. Na3 Rd8 15. Nb5+ Kb6 16. c5+ Kc6 17. Nxa7+ Kc7 18. Nb5+ Kb8 19. h3 Bf5 20. Nd6 Bg6
21. Bc4 Nh6 22. b5 Nf5 23. Rhd1 Nxd6 24. exd6 h6 25. Rxd4 Rhe8 26. c6 bxc6 27. bxc6
1-0

[Event "Albin Counter Gambit"]
[Site "SchemingMind.com"]
[Date "2010.01.01"]
[Round "-"]
[White "Gabi1"]
[Black "Schaakmaatje"]
[Result "0-1"]
[WhiteCountry "GER"]
[BlackCountry "NED"]
[WhiteElo "1562"]
[WhiteRD "78"]
[BlackElo "1680"]
[BlackRD "47"]
[GameID "232613"]

1. d4 d5 2. c4 e5 3. e3 exd4 4. Qxd4 Nf6 5. Nc3 Nc6 6. Qf4 Bd6 7. Qf3 Bg4 8. Qxg4 Nxg4 9. Nxd5 O-O 10. Nf3 Nb4
11. Nd4 c5 12. Nxb4 cxd4 13. Nd5 dxe3 14. Bxe3 Qa5+ 15. Bd2 Rfe8+ 16. Ne3 Bb4 17. Bxb4 Qxb4+ 18. Ke2 Qxb2+
0-1

[Event "Albin Counter Gambit"]
[Site "SchemingMind.com"]
[Date "2010.01.01"]
[Round "-"]
[White "Gabi1"]
[Black "Lucas the Pirate"]
[Result "0-1"]
[WhiteCountry "GER"]
[BlackCountry "ISR"]
[WhiteElo "1536"]
[WhiteRD "77"]
[BlackElo "1809"]
[BlackRD "78"]
[GameID "232614"]

1. d4 d5 2. c4 e5 3. e3 Nc6 4. Nc3 Nf6 5. dxe5 Nxe5 6. cxd5 Bb4 7. Bd2 O-O 8. Nf3 Bg4 9. Nb5 Bxd2+ 10. Qxd2 Bxf3
11. d6 cxd6 12. Qxd6 Qxd6 13. Nxd6 Bc6 14. f4 Neg4 15. Nf5 Rfe8 16. O-O-O Nf2 17. Rg1 Nxd1 18. Kxd1 Ng4 19. Ke1 Rad8 20. h3 Nxe3
21. Nxe3 Rxe3+ 22. Kf2 Red3 23. Bxd3 Rxd3 24. h4 h5 25. g4 hxg4 26. Rxg4 Rd2+ 27. Ke3 Rxb2 28. f5 Rg2
0-1

[Event "Albin Counter Gambit"]
[Site "SchemingMind.com"]
[Date "2009.12.28"]
[Round "-"]
[White "Gabi1"]
[Black "memet"]
[Result "1/2-1/2"]
[WhiteCountry "GER"]
[BlackCountry "TUR"]
[WhiteElo "1536"]
[WhiteRD "77"]
[BlackElo "1506"]
[BlackRD "70"]
[GameID "232615"]

1. d4 d5 2. c4 e5 3. e3 Bb4+ 4. Bd2 Bxd2+ 5. Qxd2 exd4 6. Qxd4 Nf6 7. cxd5 Qxd5 8. Qxd5 Nxd5 9. e4 Nb6 10. Nc3 Bd7
11. Bb5 Nc6 12. Nf3 Nb4 13. O-O O-O-O 14. Rfd1 Bg4 15. Rxd8+ Rxd8 16. Ne5 Be6 17. Rc1 a6 18. Be2 Nxa2 19. Nxa2 Bxa2 20. Bg4+ Kb8
21. h4 f6 22. Nf3 Re8 23. Re1 Be6 24. Bxe6 Rxe6 25. Nd4 Re7 26. Nf5 Rd7 27. g4 g6 28. Ne3 Rd2 29. Rd1 Rxb2 30. Rd8+ Ka7
31. Nd5 Nxd5 32. exd5 b5 33. Rd7 Rb4 34. f3 f5 35. Rxc7+ Kb6 36. Rxh7= fxg4 37. Rh6 gxf3 38. h5 Ka5 39. Rxg6 Rf4 40. d6 b4
41. Kf2 Rf7 42. h6 b3 43. Rg7 b2 44. Rxf7 b1=Q 45. h7 Qa2+ 46. Ke3 Qxf7 47. h8=Q f2 48. Qa1+ Kb6 49. Qf1 Qe6+ 50. Kxf2 Qxd6
51. Ke3 Qc5+ 52. Kd2 Qb4+ 53. Ke3 a5 54. Ke2 Qc4+ 55. Ke1 Qxf1+ 56. Kxf1 Kb5 57. Ke1 Kb4 58. Kd1 Ka3 59. Kc1 Ka2 60. Kc2 a4
61. Kc1 a3 62. Kc2 Ka1 63. Kc1 Ka2 64. Kc2 Ka1 65. Kc1 Ka2 66. Kc2 Ka1 67. Kc1 Ka2
1/2-1/2

[Event "Albin Counter Gambit"]
[Site "SchemingMind.com"]
[Date "2009.12.29"]
[Round "-"]
[White "Gabi1"]
[Black "somar96"]
[Result "0-1"]
[WhiteCountry "GER"]
[BlackCountry "POL"]
[WhiteElo "1562"]
[WhiteRD "78"]
[BlackElo "1890"]
[BlackRD "56"]
[GameID "232616"]

1. d4 d5 2. c4 e5 3. dxe5 d4 4. e3 Bb4+ 5. Bd2 dxe3 6. fxe3 Bxd2+ 7. Qxd2 Qe7 8. Nf3 Nc6 9. Qd5 Be6 10. Qb5 O-O-O
11. Nc3 a6 12. Qa4 Nh6 13. Rd1 Rxd1+ 14. Qxd1 Rd8 15. Qc2 Ng4 16. Qxh7 Nxe3 17. Qe4 Nxf1 18. Rxf1 Qb4 19. Rf2 Qxc4 20. Qxc4 Bxc4
21. b3 Be6 22. Ne4 Nb4 23. Nc5 b6 24. Nxe6 fxe6 25. Ng5 Nd3+ 26. Kf1 Nxf2 27. Kxf2 Kd7 28. h4 Ke7 29. g4 Rd2+ 30. Kf3 Rxa2
31. Ne4 Rb2 32. h5 Rxb3+
0-1

[Event "Albin Counter Gambit"]
[Site "SchemingMind.com"]
[Date "2009.12.28"]
[Round "-"]
[White "jtrochez1"]
[Black "Gabi1"]
[Result "0-1"]
[WhiteCountry "HON"]
[BlackCountry "GER"]
[WhiteElo "1530"]
[WhiteRD "51"]
[BlackElo "1562"]
[BlackRD "78"]
[GameID "232617"]

1. d4 d5 2. c4 e5 3. e3 exd4 4. Qxd4 Nf6 5. Bd3 Nc6 6. Qh4 Nb4 7. Ke2 dxc4 8. Qxc4 Be6 9. Qb5+ c6 10. Qxb7 Qxd3+
0-1

[Event "Albin Counter Gambit"]
[Site "SchemingMind.com"]
[Date "2009.12.27"]
[Round "-"]
[White "XTC"]
[Black "Gabi1"]
[Result "1-0"]
[WhiteCountry "COL"]
[BlackCountry "GER"]
[WhiteElo "1739"]
[WhiteRD "49"]
[BlackElo "1547"]
[BlackRD "91"]
[GameID "232618"]

1. d4 d5 2. c4 e5 3. dxe5 Bb4+ 4. Bd2 Bc5 5. cxd5 Qxd5 6. Nf3 Nc6 7. Nc3 Qe6 8. Bf4 Bd7 9. e3 O-O-O 10. Bd3 f6
11. exf6 Qxf6 12. Bg5 Qe6 13. Bxd8 Nxd8 14. O-O Nf6 15. Re1 Qg4 16. Ne5 b5 17. Nxg4 Nxg4 18. Qf3 Ne6 19. Qa8#
1-0

[Event "Albin Counter Gambit"]
[Site "SchemingMind.com"]
[Date "2010.01.01"]
[Round "-"]
[White "1tamad"]
[Black "Gabi1"]
[Result "0-1"]
[WhiteCountry "USA"]
[BlackCountry "GER"]
[WhiteElo "1702"]
[WhiteRD "75"]
[BlackElo "1563"]
[BlackRD "80"]
[GameID "232619"]

1. d4 d5 2. c4 e5 3. dxe5 d4 4. e3 Nc6 5. Nf3 Bg4 6. Be2 Bxf3 7. Bxf3 d3 8. Bxc6+ bxc6 9. O-O Bc5 10. Nc3 Ne7
11. Na4 Bb6 12. b4 a5 13. Nxb6 cxb6 14. b5 Rc8 15. Qa4 c5 16. Bd2 Nf5 17. Rad1 Nh4 18. g3 Qg5 19. f4 Qg4 20. Rf2 h5
21. Bc3 Nf3+ 22. Kg2 h4 23. Rxf3 hxg3 24. hxg3 Qh3+ 25. Kf2 Qh2+ 26. Ke1 Qe2#
0-1

[Event "Albin Counter Gambit"]
[Site "SchemingMind.com"]
[Date "2009.12.28"]
[Round "-"]
[White "lemmie"]
[Black "Gabi1"]
[Result "0-1"]
[WhiteCountry "NED"]
[BlackCountry "GER"]
[WhiteElo "1630"]
[WhiteRD "48"]
[BlackElo "1562"]
[BlackRD "78"]
[GameID "232620"]

1. d4 d5 2. c4 e5 3. dxe5 d4 4. Nf3 Nc6 5. g3 f6 6. exf6 Nxf6 7. Bg2 Bc5 8. O-O O-O 9. Re1 Bf5 10. e3 dxe3
11. Qxd8 Raxd8 12. Bxe3 Ne4 13. Bxc5 Nxc5 14. Nc3 Nd3 15. Re2 Bg4 16. b3 Bxf3 17. Bxf3 Nd4 18. Re3 Nxf3+ 19. Kg2 Ng5 20. Nd5 Rxf2+
21. Kh1 Nf3 22. Rxf3 Rxf3 23. Rd1 Rdf8 24. Kg2 Rf2+ 25. Kh3 Ne5 26. a4 g5 27. Nxc7 g4+ 28. Kh4 Rxh2+ 29. Kg5 h6#
0-1

[Event "Albin Counter Gambit"]
[Site "SchemingMind.com"]
[Date "2010.01.01"]
[Round "-"]
[White "Schaakmaatje"]
[Black "Gabi1"]
[Result "1-0"]
[WhiteCountry "NED"]
[BlackCountry "GER"]
[WhiteElo "1715"]
[WhiteRD "50"]
[BlackElo "1536"]
[BlackRD "77"]
[GameID "232621"]

1. d4 d5 2. c4 e5 3. cxd5 Qxd5 4. Nf3 c5 5. Nc3 Qe6 6. Nxe5 f6 7. Qa4+ Bd7 8. Nxd7 Nxd7 9. d5 Qd6 10. e4 a6
11. Be2 O-O-O 12. Be3 Qb6 13. Rb1 Qb4 14. O-O Qxa4 15. Nxa4 b5 16. Nxc5 Nxc5 17. Bxc5 Kb7 18. Bxf8 Rxf8 19. f4 Re8 20. Bf3 g5
21. g3 gxf4 22. gxf4 Ne7 23. e5 Rhg8+ 24. Kf2 fxe5 25. fxe5 Nf5 26. d6+ Kb6 27. Rbc1 Nd4 28. Rfe1 Nxf3 29. Kxf3 Ref8+ 30. Ke3 Rf5
31. Ke4 Rgg5 32. Kd5 Rf8 33. Rc6+ Kb7 34. Rc7+ Kb6 35. Re2 Rd8 36. Rxh7 Rg6 37. e6 Rg5+ 38. Re5 Rg2 39. d7 Rd2+ 40. Ke4 Kc7
41. Rh3 Rg8 42. Rc3+ Kd8 43. Rc8+
1-0

[Event "Albin Counter Gambit"]
[Site "SchemingMind.com"]
[Date "2010.01.01"]
[Round "-"]
[White "Lucas the Pirate"]
[Black "Gabi1"]
[Result "1-0"]
[WhiteCountry "ISR"]
[BlackCountry "GER"]
[WhiteElo "1764"]
[WhiteRD "84"]
[BlackElo "1563"]
[BlackRD "80"]
[GameID "232622"]

1. d4 d5 2. c4 e5 3. dxe5 d4 4. Nf3 Nc6 5. g3 Bf5 6. Bg2 Bb4+ 7. Bd2 d3 8. Nc3 Bg4 9. O-O Bxf3 10. Bxf3 Nxe5
11. Bxb7 Rb8 12. Qa4+ Qd7 13. Qxb4 c6 14. Qc5 dxe2 15. Qxe5+ Ne7 16. Qxb8+ Qd8 17. Qxd8+ Kxd8 18. Nxe2
1-0

[Event "Albin Counter Gambit"]
[Site "SchemingMind.com"]
[Date "2009.12.27"]
[Round "-"]
[White "memet"]
[Black "Gabi1"]
[Result "1-0"]
[WhiteCountry "TUR"]
[BlackCountry "GER"]
[WhiteElo "1560"]
[WhiteRD "67"]
[BlackElo "1562"]
[BlackRD "78"]
[GameID "232623"]

1. d4 d5 2. c4 e5 3. cxd5 Qxd5 4. Nc3 Qxd4 5. Qxd4 exd4 6. Nb5 Bd6 7. Nf3 c5 8. Nxd6+ Kf8 9. Nxc8 Nc6 10. Nd6 b5
11. Bf4 Nb4 12. Kd2 Rd8 13. Nxb5 d3 14. exd3 Nf6 15. a3 Nbd5 16. Bg5 h6 17. Bh4 g5 18. Bg3 Kg7 19. Be5 a6 20. Nc7 Nxc7
21. Bxc7 Rd5 22. Be5 Re8 23. Bxf6+ Kxf6 24. Be2 c4 25. Kc3 Rxe2 26. Kxc4 Rf5 27. Nd4 Rfxf2 28. Nxe2 Rxe2 29. b4 Rxg2 30. h4
1-0

[Event "Albin Counter Gambit"]
[Site "SchemingMind.com"]
[Date "2009.12.29"]
[Round "-"]
[White "somar96"]
[Black "Gabi1"]
[Result "1-0"]
[WhiteCountry "POL"]
[BlackCountry "GER"]
[WhiteElo "1890"]
[WhiteRD "56"]
[BlackElo "1562"]
[BlackRD "78"]
[GameID "232624"]

1. d4 d5 2. c4 e5 3. dxe5 d4 4. Nf3 f6 5. exf6 Nxf6 6. Qxd4 Nc6 7. Qxd8+ Nxd8 8. Nc3 Nc6 9. Bg5 Bc5 10. e3 Nb4
11. O-O-O O-O 12. a3 Nc6 13. h3 Bf5 14. Bd3 Bxd3 15. Rxd3 h6 16. Bxf6 Rxf6 17. Ne4 Rf5 18. b4 Bxb4 19. axb4 Nxb4 20. Rb3 a5
21. Rd1 Rc5 22. Nxc5 Re8 23. Nd3 Nxd3+ 24. Rdxd3 a4 25. Rxb7 c5 26. Rdd7 Re4 27. Nd2 a3 28. Rxg7+ Kf8 29. Nxe4
1-0

[Event "Albin Counter Gambit"]
[Site "SchemingMind.com"]
[Date "2010.01.05"]
[Round "-"]
[White "keme1"]
[Black "jtrochez1"]
[Result "1-0"]
[WhiteCountry "HUN"]
[BlackCountry "HON"]
[WhiteElo "2014"]
[WhiteRD "108"]
[BlackElo "1547"]
[BlackRD "52"]
[GameID "233321"]

1. d4 d5 2. c4 e5 3. dxe5 c6 4. cxd5 Qxd5 5. Qxd5 cxd5 6. Nc3 Be6 7. Nf3 h6 8. Bd2 a6 9. e4 dxe4 10. Nxe4 Ne7
11. Nd6+ Kd7 12. Nxb7 Nec6 13. Na5 Nxa5 14. Bxa5 Nc6 15. Bc3 Be7 16. Be2 Rhd8 17. Rd1+ Ke8 18. Rxd8+ Bxd8 19. a3 Kf8 20. O-O Bc7
21. Rc1 Ne7 22. Bd4 Bd8 23. b4 Ke8 24. Bd3 Bf5 25. Bxf5 Nxf5 26. g4 Nxd4 27. Nxd4 g6 28. e6 fxe6 29. Nxe6 Ra7 30. Nxd8 Kxd8
31. Rc6
1-0

[Event "Albin Counter Gambit"]
[Site "SchemingMind.com"]
[Date "2010.01.03"]
[Round "-"]
[White "keme1"]
[Black "XTC"]
[Result "1-0"]
[WhiteCountry "HUN"]
[BlackCountry "COL"]
[WhiteElo "2044"]
[WhiteRD "104"]
[BlackElo "1818"]
[BlackRD "48"]
[GameID "233322"]

1. d4 d5 2. c4 e5 3. dxe5 d4 4. Nf3 Nc6 5. g3 Bg4 6. Bg2 Bc5 7. O-O Be6 8. b3 f6 9. e3 Bg4 10. b4 Bxb4
11. exd4 fxe5 12. Qb3 exd4 13. a3 Ba5 14. Qxb7 Nge7 15. Nxd4 Nxd4 16. Qxa8 Qxa8 17. Bxa8 Be2 18. Bb2 Nb3 19. Ra2 Bxf1 20. Kxf1 Kf7
21. Be4 Nc5 22. Bc2 Nc6 23. Kg2 h6 24. Bd1 Rb8 25. Bh5+ Kf8 26. Bg6 Na4 27. Ba1 Ne7 28. Bc2 Nc5 29. Bd4 Bb6 30. Bc3 Rd8
31. Nd2 g5 32. Ne4 Nxe4 33. Bxe4 Nc8 34. Bb4+ c5 35. Bc3 Nd6 36. Bd5 Re8 37. h3 Nf5 38. Kf3 Nd4+ 39. Kg4 Kg7 40. Kh5
1-0

[Event "Albin Counter Gambit"]
[Site "SchemingMind.com"]
[Date "2010.01.05"]
[Round "-"]
[White "keme1"]
[Black "1tamad"]
[Result "1-0"]
[WhiteCountry "HUN"]
[BlackCountry "USA"]
[WhiteElo "2050"]
[WhiteRD "107"]
[BlackElo "1702"]
[BlackRD "75"]
[GameID "233323"]

1. d4 d5 2. c4 e5 3. dxe5 d4 4. Nf3 Nc6 5. g3 Bb4+ 6. Nbd2 Nge7 7. Bg2 O-O 8. O-O Ng6 9. Nb3 Bc5 10. Nxc5 Ncxe5
11. Nxe5 Nxe5 12. b3 Rb8 13. Bb2 Nc6 14. Bxc6 bxc6 15. Qxd4 Qxd4 16. Bxd4 Bh3 17. Rfe1 Rfe8 18. Rad1 h6 19. f3 Bf5 20. e4 Bg6
21. Nd7 Ra8 22. Ne5 Re6 23. Nxg6 Rxg6 24. f4 Rd6 25. Be5 Re6 26. Bxc7 a6 27. Rd6
1-0

[Event "Albin Counter Gambit"]
[Site "SchemingMind.com"]
[Date "2010.01.02"]
[Round "-"]
[White "keme1"]
[Black "lemmie"]
[Result "1-0"]
[WhiteCountry "HUN"]
[BlackCountry "NED"]
[WhiteElo "2044"]
[WhiteRD "104"]
[BlackElo "1630"]
[BlackRD "48"]
[GameID "233324"]

1. d4 d5 2. c4 e5 3. dxe5 d4 4. Nf3 Nc6 5. g3 Bc5 6. Bg2 Be6 7. b3 Nge7 8. O-O h6 9. Bb2 O-O 10. Nbd2 a6
11. Ne4 Ba7 12. Qd2 Ng6 13. Rad1 Ngxe5 14. Nxe5 Nxe5 15. Bxd4 Bxd4 16. Qxd4 Nc6 17. Qe3 Qe7 18. Nc5 Rfe8 19. Nxb7 Nd8 20. Nd6 cxd6
21. Bxa8 Bh3 22. Qxe7 Rxe7 23. Rfe1 Ne6 24. Rxd6 a5 25. Bd5 Ng5 26. c5 g6 27. c6 Kg7 28. f4 Nh7 29. Bg2 Bc8 30. a3 Nf6
31. b4 Ne8 32. Rd8 Ba6 33. Rd7 Re6 34. bxa5 Nd6 35. Bd5 Rf6 36. e4 Nc8 37. e5 Rf5 38. Be6 Rh5 39. Rxf7+
1-0

[Event "Albin Counter Gambit"]
[Site "SchemingMind.com"]
[Date "2010.01.07"]
[Round "-"]
[White "keme1"]
[Black "Schaakmaatje"]
[Result "1-0"]
[WhiteCountry "HUN"]
[BlackCountry "NED"]
[WhiteElo "2044"]
[WhiteRD "104"]
[BlackElo "1680"]
[BlackRD "47"]
[GameID "233325"]

1. d4 d5 2. c4 e5 3. dxe5 d4 4. Nf3 Nc6 5. g3 Bf5 6. Bg2 Bb4+ 7. Nbd2 Nge7 8. O-O O-O 9. Nb3 Ng6 10. a3 Be7
11. Nfxd4 Nxd4 12. Nxd4 Bc8 13. f4 f5 14. Be3 Bc5 15. Nxf5
1-0

[Event "Albin Counter Gambit"]
[Site "SchemingMind.com"]
[Date "2010.01.02"]
[Round "-"]
[White "keme1"]
[Black "Lucas the Pirate"]
[Result "1-0"]
[WhiteCountry "HUN"]
[BlackCountry "ISR"]
[WhiteElo "1975"]
[WhiteRD "104"]
[BlackElo "1833"]
[BlackRD "77"]
[GameID "233326"]

1. d4 d5 2. c4 e5 3. dxe5 d4 4. Nf3 c5 5. g3 Ne7 6. Bg2 Nbc6 7. O-O Ng6 8. Qa4 Bd7 9. Qb3 Qc7 10. Rd1 Be7
11. e3 dxe3 12. Bxe3 Ncxe5 13. Nc3 Nxf3+ 14. Bxf3 Ne5 15. Be4 f5 16. Nb5 Bxb5 17. Qxb5+ Kf7 18. Qxb7 Qxb7 19. Bxb7 Rab8 20. Bd5+ Kg6
21. Rd2 Bf6 22. Rad1 Rbc8 23. h3 h5 24. f4 Nd7 25. Bb7 Rce8 26. Bf2 Nb6 27. b3 Re7 28. Bg2 Rc8 29. Bf3 Rcc7 30. Kg2 Red7
31. Rd6 Rxd6 32. Rxd6 Nd7 33. Rc6 Rxc6 34. Bxc6 Nb6 35. Bxc5 Bd8 36. Bd4 Bc7 37. Be8+ Kh6 38. Kf3 a5 39. a3 Nc8 40. c5 Ne7
41. b4 axb4 42. axb4
1-0

[Event "Albin Counter Gambit"]
[Site "SchemingMind.com"]
[Date "2010.01.02"]
[Round "-"]
[White "keme1"]
[Black "memet"]
[Result "1-0"]
[WhiteCountry "HUN"]
[BlackCountry "TUR"]
[WhiteElo "2044"]
[WhiteRD "104"]
[BlackElo "1560"]
[BlackRD "67"]
[GameID "233327"]

1. d4 d5 2. c4 e5 3. dxe5 Bb4+ 4. Bd2 Na6 5. Bxb4 Nxb4 6. Qa4+ Nc6 7. cxd5 Qxd5 8. Nf3 Bd7 9. Nc3 Qe6 10. Nb5 Kd8
11. Rd1 Nge7 12. Ng5 Qg6 13. Qf4 Rf8 14. e6 f6 15. Qxc7+
1-0

[Event "Albin Counter Gambit"]
[Site "SchemingMind.com"]
[Date "2010.01.02"]
[Round "-"]
[White "keme1"]
[Black "Gabi1"]
[Result "1-0"]
[WhiteCountry "HUN"]
[BlackCountry "GER"]
[WhiteElo "2044"]
[WhiteRD "104"]
[BlackElo "1562"]
[BlackRD "78"]
[GameID "233328"]

1. d4 d5 2. c4 e5 3. dxe5 Nc6 4. cxd5 Nxe5 5. Nf3 Nc4 6. Qa4+ Qd7 7. Qxc4 b5 8. Qc6 Qxc6 9. dxc6 Bb4+ 10. Bd2 a5
11. e3 Bxd2+ 12. Nbxd2 b4 13. Bc4 Be6 14. Bxe6 fxe6 15. O-O Rd8 16. Rfd1 Nf6 17. Nb3 g5 18. Rxd8+ Kxd8 19. Nxg5 Re8 20. Rd1+ Ke7
21. Nxh7 Nxh7 22. Rd7+ Kf6 23. Rxh7 Rd8 24. Kf1 a4 25. Nd4 Kg6 26. Rxc7 e5 27. Nf3 Kf6 28. Rd7 Rc8 29. c7 Ke6 30. Rh7 Kd6
31. Ke2 e4 32. Nd4 Kc5 33. Kd2 Kc4 34. h4
1-0

[Event "Albin Counter Gambit"]
[Site "SchemingMind.com"]
[Date "2010.01.02"]
[Round "-"]
[White "keme1"]
[Black "somar96"]
[Result "1-0"]
[WhiteCountry "HUN"]
[BlackCountry "POL"]
[WhiteElo "2044"]
[WhiteRD "104"]
[BlackElo "1890"]
[BlackRD "56"]
[GameID "233329"]

1. d4 d5 2. c4 e5 3. dxe5 d4 4. Nf3 Nc6 5. g3 Bg4 6. Bg2 Bb4+ 7. Nbd2 Nge7 8. O-O O-O 9. Nb3 Ng6 10. a3 Be7
11. Nbxd4 Bxf3 12. Nxf3 Ngxe5 13. Nxe5 Nxe5 14. Bxb7 Rb8 15. Be4 Nxc4 16. Qc2 Qd4 17. Bxh7+ Kh8 18. Rd1 Qc5 19. b4 Qc6 20. Rd4 Ne5
21. Be3 Qxc2 22. Bxc2 Rfd8 23. Rad1 Rxd4 24. Rxd4 Kg8 25. Re4 Bd6 26. Bxa7 Ra8 27. Bd4 f6 28. a4 Kf8 29. Rh4 Kf7 30. b5 Ke6
31. Bb3+ Ke7 32. Rh7 Bb4 33. Rxg7+ Kd6 34. f4 Nd7 35. e4 Re8 36. Bd5 Bc5 37. Rxd7+ Kxd7 38. Bxc5 Rh8 39. a5 f5 40. Bc6+ Ke6
41. e5 Rd8 42. a6 Rg8 43. a7 Rh8 44. a8=Q Rxa8 45. Bxa8 Kd7 46. h4 Ke6 47. Bd6 cxd6 48. exd6 Kxd6 49. b6 Kc5 50. b7 Kd4
51. b8=Q Ke3 52. Qe5+ Kd2 53. Kf2 Kd3 54. Ke1 Kc4 55. Kd2 Kb4 56. Kc2 Kc4 57. Qd5+ Kb4 58. Bc6 Ka3 59. Qa5#
1-0

[Event "Albin Counter Gambit"]
[Site "SchemingMind.com"]
[Date "2010.01.06"]
[Round "-"]
[White "jtrochez1"]
[Black "keme1"]
[Result "0-1"]
[WhiteCountry "HON"]
[BlackCountry "HUN"]
[WhiteElo "1547"]
[WhiteRD "52"]
[BlackElo "2014"]
[BlackRD "108"]
[GameID "233330"]

1. d4 d5 2. c4 e5 3. e3 dxc4 4. Bxc4 exd4 5. exd4 Nf6 6. Bg5 Be7 7. Bxf6 Bxf6 8. Nf3 O-O 9. O-O Nc6 10. Nc3 Nxd4
11. Nxd4 Qxd4 12. Qxd4 Bxd4 13. Rac1 c6 14. Bd3 Be6 15. b3 Rad8 16. Bc4 Bxc4 17. bxc4 Rfe8 18. Kh1 Bxc3 19. Rxc3 Rd2 20. a3 Rxf2
21. Kg1 Rxf1+ 22. Kxf1 Kf8 23. Kf2 Re6 24. Re3 Rxe3 25. Kxe3 Ke7 26. g4 Ke6 27. Ke4 b5 28. cxb5 cxb5 29. h4 a5 30. Kd4 b4
31. axb4 axb4 32. Kc4 Ke5 33. Kxb4 Kf4 34. g5 Kg4
0-1